000
00219 a2200109 4500
001
51249
040
_c
Anchieta - Pituba
240
1
0
_a
Deutsch.com.1
_l
245
1
0
_a
Deutsch.com.1
650
4
_a
Língua alemã
942
_c
MX
999
_c
51249
_d
51249